Movies Quiz

Random Movies or Box Office Quiz

Highest Opening Weekend Quiz Stats

 Plays Quiz Updated Jan 13, 2021

Support Sporcle.
Go Orange.
Score 0/30 Timer 06:00
0 Plays Today
Opening Movie % Correct
$357,115,007Avengers: Endgame
86.1%
$158,411,483The Dark Knight
80.8%
$207,438,708Marvel's The Avengers
77.4%
$191,271,109Avengers: Age of Ultron
66%
$174,144,585Iron Man 3
60.1%
$247,966,675Star Wars: The Force Awakens
59.7%
$160,887,295The Dark Knight Rises
59%
$151,116,516Spider-Man 3
55.6%
$257,698,183Avengers: Infinity War
55%
$208,806,270Jurassic World
51.1%
$177,383,864Star Wars: The Rise of Skywalker
49.9%
$153,433,423Captain Marvel
40%
$152,535,747The Hunger Games
33.8%
$179,139,142Captain America: Civil War
32.8%
$220,009,584Star Wars: The Last Jedi
29.8%
Opening Movie % Correct
$158,074,286The Hunger Games: Catching Fire
29.7%
$147,187,040Furious 7
29.6%
$138,122,261The Twilight Saga: Breaking Dawn Part 1
29.2%
$182,687,905Incredibles 2
28.6%
$135,634,554Pirates of the Caribbean: Dead Man's Chest
28.4%
$174,750,616Beauty and the Beast
28.1%
$191,770,759The Lion King (2019)
27.4%
$146,510,104Guardians of the Galaxy Vol. 2
26.7%
$148,024,610Jurassic World: Fallen Kingdom
26.5%
$141,067,634The Twilight Saga: Breaking Dawn Part 2
25.2%
$202,003,951Black Panther
22.1%
$155,081,681 Rogue One: A Star Wars Story
15.9%
$142,839,137The Twilight Saga: New Moon
10.5%
$166,007,347Batman v Superman: Dawn of Justice
10.3%
$169,189,427Harry Potter and the Deathly Hallows Part 2
10.2%

From the Vault

NBA Franchise 3-Point Leaders

by Derek

Sports 7m
No Kareem, No Wilt, No Michael J.
Remove Ads.
Support Sporcle.
Get the best of Sporcle when you Go Orange. This ad-free experience offers more features, more stats, and more fun while also helping to support Sporcle. Thank you for becoming a member.

Show Comments

Extras

Top Quizzes Today


Score Distribution

Your Account Isn't Verified!

In order to create a playlist on Sporcle, you need to verify the email address you used during registration. Go to your Sporcle Settings to finish the process.

Report this User

Report this user for behavior that violates our Community Guidelines.

Details: